Trouve le prénom Harry potter par la lettre D #4 - Statistiques

Statistiques générales
  • Ce quiz a été pris 173 fois
  • Le résultat moyen est 5 sur 7
Statistiques - réponses
Hint Nom de famille Prénoms % Correct
5 Elfe de maison Dobby
97%
4 T Dean
83%
6 Crivey Dennis
70%
2 O Dolores
60%
7 Diggle Dedalus
59%
1 M Drago
54%
3 D Dudley
49%
Aucun quiz correspondant
Distribution des résultats
% des personnes avec chaque résultat
Percentile par nombre de réponses
Votre historique - résultats
Vous n’avez pas pris ce quiz